UK Cabinet 2016 - Statistics

General Stats
  • This quiz has been taken 27 times
  • The average score is 11 of 27
Answer Stats
Post Minister % Correct
Prime Minister Theresa May
100%
Secretary of State for Foreign and Commonwealth Affairs Boris Johnson
96%
Chancellor of the Exchequer Philip Hammond
85%
Secretary of State for Health Jeremy Hunt
77%
Secretary of State for Exiting the European Union David Davis
73%
Secretary of State for the Home Department Amber Rudd
69%
Secretary of State for Work and Pensions Damian Green
62%
Secretary of State for Education Justine Greening
62%
Secretary of State for Defence Michael Fallon
58%
Secretary of State for Transport Chris Grayling
54%
Secretary of State for International Trade Liam Fox
54%
Secretary of State for Justice Elizabeth Truss
50%
Secretary of State for International Development Priti Patel
50%
Secretary of State for Environment, Food and Rural Affairs Andrea Leadsom
46%
Secretary of State for Communities and Local Government Sajid Javid
42%
Secretary of State for Business, Energy and Industrial Strategy Greg Clark
31%
Chief Whip Gavin Williamson
12%
Secretary of State for Culture, Media and Sport Karen Bradley
12%
Chancellor of the Duchy of Lancaster Patrick McLoughlin
12%
Secretary of State for Wales Alun Cairns
8%
Leader of the House of Lords Baroness Evans of Bowes Park
8%
Leader of the House of Commons David Lidington
8%
Secretary of State for Scotland David Mundell
8%
Secretary of State for Northern Ireland James Brokenshire
8%
Attorney General Jeremy Wright
8%
Minister for the Cabinet Office Ben Gummer
4%
Chief Secretary to the Treasury David Gauke
4%
No matching quizzes found
Score Distribution
Percent of People with Each Score
Percentile by Number Answered
Your Score History
You have not taken this quiz